000
00319nam a2200133Ia 4500
008
221030s9999 xx 000 0 und d
041
_a
English
100
_a
J. Rumbaugh
245
0
_a
Object- Oriented Modeling and Design
_c
by J. Rumbaugh, M. Blaha
260
_c
0
650
_a
B
700
_a
M. Blaha
942
_c
BK
999
_c
16404
_d
16404